Lippincott Manual of Nursing Practice: (Record no. 9922)

MARC details
000 -LEADER
fixed length control field 00432nam a22001577a 4500
008 - FIXED-LENGTH DATA ELEMENTS--GENERAL INFORMATION
fixed length control field 240729b |||||||| |||| 00| 0 eng d
020 ## - INTERNATIONAL STANDARD BOOK NUMBER
International Standard Book Number 9789388313285
082 ## - DEWEY DECIMAL CLASSIFICATION NUMBER
Classification number 610.73
100 ## - MAIN ENTRY--PERSONAL NAME
Personal name Nettina, Sandra M.
245 ## - TITLE STATEMENT
Title Lippincott Manual of Nursing Practice:
250 ## - EDITION STATEMENT
Edition statement 11th ed.
260 ## - PUBLICATION, DISTRIBUTION, ETC.
Place of publication, distribution, etc. Philadrlphia:
Name of publisher, distributor, etc. Wolters Kluwer,
Date of publication, distribution, etc. 2018.
300 ## - PHYSICAL DESCRIPTION
Extent xxi, 1563 p.;
Dimensions 22 Cm.
Other physical details Colour ill.
942 ## - Added entry Elements (Koha)
Source of classification or shelving scheme Dewey Decimal Classification
Edition 11th
Holdings
Withdrawn status Lost status Source of classification or shelving scheme Damaged status Not for loan Collection code Home library Current library Shelving location Date acquired Cost, normal purchase price Serial Enumeration / chronology Full call number Barcode Date last seen Price effective from Koha item type Total Checkouts Date last checked out
    Dewey Decimal Classification     Main TEST GELEPHU GELEPHU Main opac 29/07/2024 2417.07 18404 610.73 NET C.1 30019731 29/07/2024 29/07/2024 Main    
    Dewey Decimal Classification     Main TEST GELEPHU GELEPHU Main opac 29/07/2024 2417.07 18405 610.73 NET C.2 30019488 29/07/2024 29/07/2024 Main    
    Dewey Decimal Classification     Main TEST RTC Library RTC Library Main opac 29/07/2024 2417.07 18406 610.73 NET C. 3 30019739 17/09/2024 29/07/2024 Main 1 10/09/2024
    Dewey Decimal Classification     Main TEST RTC Library RTC Library Main opac 29/07/2024 2417.07 18728 610.73 NET C.4 30019546 29/07/2024 29/07/2024 Main    
    Dewey Decimal Classification     Main TEST RTC Library RTC Library Main opac 29/07/2024 2417.07 18705 610.73 NET C.5 30019881 09/08/2024 29/07/2024 Main    
    Dewey Decimal Classification     Main TEST RTC Library RTC Library Main opac 29/07/2024 2417.07 18706 610.73 NET C.6 30019901 09/08/2024 29/07/2024 Main    
    Dewey Decimal Classification     Main TEST RTC Library RTC Library Main opac 29/07/2024 2417.07 18759 610.73 NET C.7 30019898 30/08/2024 29/07/2024 Main    
    Dewey Decimal Classification     Main TEST RTC Library RTC Library Main opac 29/07/2024 2417.07 18853 610.73 NET C.8 30020005 17/09/2024 29/07/2024 Main    
Royal Thimphu College || All Right Reserved